Регионална библиотека "Любен Каравелов" - Русе

Арнаудов сборник (Запис номер 81643)

MARC детайли
000 -Лидер
Контролно поле с фиксирана дължина 03275nam a2200565 c 4500
003 - Код на организацията, давaща контролен номер
Контролно поле BLK
005 - Дата и час на последна редакция
Контролно поле 20240410114722.0
008 - Елементи от данни с фиксирана дължина
fixed length control field 180408b bul|||||r ||||||| ||bul||
010 ## - Наследен системен номер
LC control number KNG00086147000
020 ## - Международен стандартен номер на книга ISBN
Международен стандартен номер на книга ISBN 978-954-8190-57-2
040 ## - Източник на каталожния запис
Идентификатор на билиотеката - собственик на записа BLK
041 ## - Код за език
Код за езика на текст/звукозапис или на отделно заглавие Български
Код за езика КДБФ Български
Други езици Руски
072 #7 - Код за тематичната категория
Код организация bullib
Код за тематична категория К
Текст Краезнание
080 ## - УДК
Текстов определител УДК Теория на литературата. Литературна техника
УДК код - определител по УДК 82.01/.09
УДК определител (497.2)(092)(063)
УДК - код + определител 82.01/.09(497.2)(092)(063)
080 ## - УДК
Текстов определител УДК Етнология. Етнография. Нрави. Обичаи. Бит. Фолклористика. Вж и 572 ; 903 ; 904
УДК код - определител по УДК 39
УДК определител (497.2)(063)
УДК - код + определител 39(497.2)(063)
080 ## - УДК
Текстов определител УДК Българска литература
УДК код - определител по УДК 821.163.2
УДК определител .09(063)
УДК - код + определител 821.163.2.09(063)
080 ## - УДК
Текстов определител УДК Български фолклорист, литературен историк, етнограф
УДК код - определител по УДК 929 Арнаудов, Михаил Петров
УДК - код + определител 929 Арнаудов, Михаил Петров
139 ## - Редно поле
Редна дума Арнаудов сборник
Авторски знак Арн - А 87
245 10 - Сведения за заглавието
Заглавие Арнаудов сборник
Подзаглавни данни Т. 1 - За том: Материали от V Арнаудови четения, 27-28 окт. 2006, Русе
Редно поле (дума) ред. кол. Тодор Иванов Живков; състав. на том Николай Иванов Ненов; ред. кол. на том Руси Димитров Русев.
Том Т. 5
Заглавие на том Доклади и съобщения
257 ## - Страна на издаване
Страна на създаване/издаване България
260 ## - Област на издателските данни
Година на издаване 2008
Място на издаване, разпространение и проч. Русе
Име на издателя, разпространителя и проч. Лени-Ан
Печатница Лени-Ан
300 ## - Физическа характеристика
Размери/Мащаб 23 см
Страници 506 с.
380 ## - Жанр
Жанр Литературознание
600 14 - Име на лице, използвано като предмет
За него / За нея Арнаудов, Михаил Петров
9 (RLIN) 33558
600 14 - Име на лице, използвано като предмет
За него / За нея Арнаудов, Михаил Петров
9 (RLIN) 33558
650 #4 - Допълнително описание по предмет – тема
Основно описание – тема или топоним България - фолклористика
9 (RLIN) 274097
650 #4 - Допълнително описание по предмет – тема
Основно описание – тема или топоним Българска литература - теми, образи, сюжети
9 (RLIN) 242409
650 #4 - Допълнително описание по предмет – тема
Основно описание – тема или топоним Езикознание, българско
9 (RLIN) 241866
653 ## - Ключова дума – ненормативна
Ключова дума Михаил Арнаудов
653 ## - Ключова дума – ненормативна
Ключова дума Арнаудови четения
653 ## - Ключова дума – ненормативна
Ключова дума български фолклор
653 ## - Ключова дума – ненормативна
Ключова дума българска литература
653 ## - Ключова дума – ненормативна
Ключова дума конференции
659 ## - Тематичен бюлетин
Тематичен бюлетин К
700 1# - Други автори (авторска отговорност)
Лично име Живков, Тодор Иванов
Автороска отговорност (Описва отношението между автора и произведението) ред. кол.
9 (RLIN) 363948
700 ## - Други автори (авторска отговорност)
Лично име Ненов, Николай Иванов
Друга информация историк, професор, доктор, Русенски ист. музей
9 (RLIN) 366222
700 1# - Други автори (авторска отговорност)
Лично име Русев, Руси Димитров
Звания и думи, свързани с автора филолог ; преподавател в РУ А. Кънчев - Русе
9 (RLIN) 366768
760 1# - Описание на основната серия
Място на издаване, издател и година Лени-Ан, 2008
Страници - том 506 с. : с ил., табл., диагр.
Забележка - том Изд. на Русенски унив. А. Кънчев. Науч. център по фолклор и лит., Кат. Бълг. ез. и лит., Регионален ист. музей-Русе. - Текст и рус. ез. - Съдържа и Нашите автори.
Заглавие Т. 5 Доклади и съобщения
852 ## - Местоположение
Форматна сигнатура Цб ІІ 11065
852 ## - Местоположение
Форматна сигнатура К 82/А 87
856 4# - Електронен адрес и достъп
Електронен формат pdf - файл
856 4# - Електронен адрес и достъп
Електронен формат pdf - файл
999 ## - СИСТЕМНИ КОНТРОЛНИ НОМЕРА
Koha biblionumber 81643
Koha biblioitemnumber 81643
942 ## - АРТИКУЛИ
Вид на библиотечния материал Книги
Скрит в OPAC Не
Koha issues (borrowed), all copies 2
Периодичен библиозапис Да
944 ## - СЪЗДАВАНЕ И РЕДАКЦИЯ на ЗАПИСА
Създаване/Редакция Създаване
Дата на регистрацията/редакция 03.11.2008
Статус, дата на статуса Геновева Генчева
Служител, извършил регистрацията/редакцията 30560
944 ## - СЪЗДАВАНЕ И РЕДАКЦИЯ на ЗАПИСА
Създаване/Редакция Редакция
Дата на регистрацията/редакция 20.01.2015
Статус, дата на статуса ф /
Служител, извършил регистрацията/редакцията Виолета_Тройчева
999 ## - СИСТЕМНИ КОНТРОЛНИ НОМЕРА
Koha biblioitemnumber 81643
999 ## - СИСТЕМНИ КОНТРОЛНИ НОМЕРА
Koha biblioitemnumber 81643
999 ## - СИСТЕМНИ КОНТРОЛНИ НОМЕРА
Koha biblioitemnumber 81643
999 ## - СИСТЕМНИ КОНТРОЛНИ НОМЕРА
Koha biblioitemnumber 81643
Наличности
Код за отписване Код за изгубен артикул Код за повреда Коз за рестрикции Код за отдаване Артикулен № Име на библиотеката - собственик Име на библиотеката, в която се намира в момента Статус (Текущо местоположение) Дата на вписване в системата Местоположение - отдел Цена в лева Инвентарен номер Систематично азбучна сигнатура Баркод Номер на екземпляра Цена в евро Служебна бележка Служебен тип на артикула Източник на класификационната схема
  Не е изгубен Не е повреден без рестрикции ползва се в читалня 132616 Регионална библиотека "Любен Каравелов" Русе Регионална библиотека "Любен Каравелов" Русе Краезнание 2008-10-31 Краезнание 10.00 120000731044 К 82/А 87 120000731044 1 5.11 Дост: DA Вид: А N: 13 Дата: 31.10.2008 Дата инв: 06.11.2017 Бележки инв: К2017 Книги  
Изтеглен Не е изгубен Не е повреден без рестрикции заемане за дома 132617 Регионална библиотека "Любен Каравелов" Русе Регионална библиотека "Любен Каравелов" Русе Заемна - подръчен фонд 2008-10-31 Заемна - подръчен фонд 10.00 120000731045 П 82.09/А 87 120000731045 2 5.11 Дост: DA Вид: А N: 13 Дата: 31.10.2008 Дата инв: 19.02.2018 Бележки инв: П2018 Книги Universal Decimal Classification
  Не е изгубен Не е повреден без рестрикции заемане за дома 132618 Регионална библиотека "Любен Каравелов" Русе Регионална библиотека "Любен Каравелов" Русе Заемна - подръчен фонд 2008-10-31 Заемна - подръчен фонд 10.00 120000731046 П 82.09/А 87 120000731046 3 5.11 Дост: DA Вид: А N: 13 Дата: 31.10.2008 Дата инв: 08.02.2018 Бележки инв: П2018 Книги Universal Decimal Classification
  Не е изгубен Не е повреден без рестрикции ползва се в читалня 132619 Регионална библиотека "Любен Каравелов" Русе Регионална библиотека "Любен Каравелов" Русе Хранилище 2009-02-25 Хранилище 0.00 120000733806 Цб ІІ 11065 120000733806 4 0.00 Дост: Dp Вид: Д N: 39 Дата: 10.09.2008 Книги Universal Decimal Classification
Изтеглен Не е изгубен Не е повреден без рестрикции заемане за дома 730990 Регионална библиотека "Любен Каравелов" Русе Регионална библиотека "Любен Каравелов" Русе Заемна - подръчен фонд 2019-07-18 Заемна - подръчен фонд 15.00   П 82.0/А 87 120000834608   7.67   Книги Universal Decimal Classification
Vip Innovations Ltd, Rousse, Bulgaria 2025